| 000 | 02002cam a2200265 a 4500 | ||
|---|---|---|---|
| 001 | 12657965 | ||
| 005 | 20170105102921.0 | ||
| 008 | 010704s2001 enk e 000 0 eng | ||
| 010 | _a 2002318412 | ||
| 020 | _a0436205602 | ||
| 035 | _a(UkLWHE)b000119507 | ||
| 040 |
_aDLC _cDLC _dDLC |
||
| 050 | 0 | 0 |
_aPR9275.S263 _bP47647 2001 |
| 082 | 0 | 0 |
_a824/.914 _221 |
| 100 | 1 | _aPhillips, Caryl. | |
| 245 | 1 | 2 |
_aA new world order : _bselected essays / _cCaryl Phillips. |
| 260 |
_aLondon : _bSecker & Warburg, _c2001. |
||
| 300 |
_a309 p. ; _c23 cm. |
||
| 505 | 8 | _aMachine generated contents note: The United States -- Introduction: The Burden of Race -- Native Son by Richard Wright -- Giovanni's Room by James Baldwin -- Marvin Gaye -- Fatheralong by John Edgar Wideman -- James Baldwin: The Lure of Hollywood -- Amistad -- Africa -- Introduction: Dispatches from Africa -- The Fortunes of Wangrin by Amadou Hampate Ba -- Nadine Gordimer The Beat of History -- J.M. Coetzee: Life and Times of John C. -- The Burden of Memoty, the Muse of Forgiveness by Wole Soyinka -- The Caribbean -- Introduction: The Gift of Displacement -- St Kitts: 19 September 1983 -- A Small Place by Jamaica Kincaid -- The Arkansas Testament by Derek Walcott -- C.L.R. James: Mariner, Renegade and Castaway -- Edouard Glissant: Promiscuities -- V.S. Naipaul -- Patrick Chamoiseau: Unmarooned -- Following On: The Legacy of Lamming and Selvon -- Britain -- Introduction: A Little Luggage -- Ignatius Sancho: A Black British Man of Letters -- Linton Kwesi Johnson: Prophet in Another Land -- The Pioneers: Fifty Years of Caribbean -- Migration to Britain -- White Teeth by Zadie Smith -- Extravagant Strangers -- Leeds United, Life and Me. | |
| 650 | 0 | _aEssays. | |
| 856 | 4 | 1 |
_3Table of contents _uhttp://www.loc.gov/catdir/toc/fy031/2002318412.html |
| 906 |
_a7 _bcbc _corigres _d3 _encip _f20 _gy-gencatlg |
||
| 942 |
_2ddc _cBK |
||
| 999 |
_c15577 _d15577 |
||